00481 2200193 4500001002100000005001500021008004100036020002200077035001900099041000700118082001000125090001600135100002300151245003200174250001100206260003700217300001900254650001400273INLIS00000000001468820241224114807241224||||||||| | ||| |||| || |  a978-979-692-148-5 0010-1224014688 aid0 a523.1 a523.1 BAY i0 aBAYONG TJASYONO HK00aIlmu kebumian dan Antariksa aRevisi aBandungbRemaja Rosdakaryac2013 a216hlm;15x24cm 0aASTRONOMI